Devinez le nom de ces hommes célèbres - Statistiques

Statistiques générales
  • Ce quiz a été pris 1 993 fois
  • Le résultat moyen est 49 sur 100
Statistiques - réponses
Prénom Nom % Correct
Alexandre le Grand / Dumas / Lacazette / Astier / Grothendieck
89%
Albert Einstein / Camus / II / de Saxe-Cobourg-Gotha / Lebrun
83%
Emmanuel Macron / Kant / Todd / Curtil / Carrère
83%
Alain Delon / Soral / Juppé / Chabat / Bashung
80%
Antoine de Saint-Exupéry / Griezmann / Lavoisier / Dupont / de Caunes
78%
Cyril Hanouna / Lignac / Guimard / Féraud / Dion
77%
Johnny Hallyday / Depp / Cash / Clegg / Gargano
75%
Florent Pagny / Peyre / Malouda / Manaudou / Sinama-Pongolle
75%
Gérard Depardieu / Hernandez / Darmon / Larcher / Jugnot
74%
Isaac Newton / Asimov / Ier Comnène / Moumé Etia / Herzog
74%
Yannick Noah / Jadot / Agnel / Carrasco / Jauzion
73%
Didier Raoult / Drogba / Deschamps / Bourdon / Cuche
70%
Salvador Dalí / Allende / Martínez Cubells / Sobral / Garmendia
69%
Léonard de Vinci / Bourdon / Lissandre / Blomme / Limosin
69%
Jacques Chirac / Brel / Tati / VI / Attali
68%
Gilbert du Motier de La Fayette / Collard / Bécau / Lévy / Montagné
68%
Thierry Mugler / Henry / Solère / Ardisson / Lhermitte
68%
Andy Murray / Warhol / Delort / Roddick / Serkis
67%
Jean-Paul Sartre / II / Belmondo / Marat / Gaultier
67%
Michael Jackson / Schumacher / B. Jordan / Jordan / Douglas
66%
Karl Marx / Lagerfeld / Toko-Ekambi / Dönitz / Popper
66%
Marco Polo / Verratti / Reus / van Basten / Pantani
65%
Jean-Jacques Rousseau / Goldman / Bourdin / Beineix / Dessalines
65%
Benjamin Franklin / Biolay / Castaldi / Mendy / Moukandjo
64%
Marcel Proust / Pagnol / Duchamp / Cerdan / Desailly
63%
James Franco / Cook / Cameron / McAvoy / Dean
62%
Grégory Lemarchal / Coupet / Doucet / Gadebois / Fitoussi
62%
Jean-Luc Mélenchon / Godard / Delarue / Lahaye / Reichmann
62%
Tom Brady / Cruise / Holland / Hanks / Hiddleston
60%
José Mourinho / Bové / Garcia / Manuel Durão Barroso / Luccioni
60%
Julien Courbet / Clerc / Lepers / Doré / Dray
58%
Christian Eriksen / Bale / Clavier / Estrosi / Louboutin
58%
Samuel Eto'o / Le Bihan / L. Jackson / Beckett / de Champlain
58%
Franck Ribéry / Dubosc / Ferrand / Riester / Thilliez
58%
Éric Zemmour / Dupond-Moretti / Cantona / Abidal / Ciotti
58%
Diego Maradona / Costa / Vélasquez / Forlán / Schwartzman
57%
Bruno Mégret / Le Maire / Mars / Gollnisch / Retailleau
56%
Daniel Prévost / Auteuil / Balavoine / Radcliffe / Day-Lewis
56%
Yves Saint Laurent / Montand / Rénier / Klein / Coppens
56%
Jules César / Verne / Mazarin / Ferry / Michelet
55%
François Mitterand / Hollande / Truffaut / Rabelais / Berléand
55%
Claude Chabrol / François / Lelouch / Monet / Lévi-Strauss
54%
John Fitzgerald Kennedy / Lennon / Wayne / Frusciante / Travolta
53%
Hugh Jackman / Grant / Laurie / Bonneville / Cornwell
53%
Benoît XVI / Poelvoorde / Magimel / Hamon / Paire
53%
Vincent Bolloré / van Gogh / Cassel / Aboubakar / Lagaf'
52%
Youri Gagarine / Djorkaeff / Tielemans / Messen-Jaschin / Averbakh
52%
Serge Gainsbourg / Aurier / Dassault / Blanco / Rezvani
52%
Sébastien Cauet / Loeb / Le Prestre de Vauban / Chabal / Chenu
51%
Arnaud Tsamere / Montebourg / Mimran / Clément / Ducret
51%
Jean-Pierre Bacri / Pernaut / Chevènement / Michaël / Foucault
49%
Christophe Colomb / Rocancourt / Galtier / Dechavanne / Castaner
49%
Fabrice Luchini / Éboué / Santoro / Josso / Guy
49%
Charles Baudelaire / de Gaulle / de Galles / Quint / VII
48%
Pascal Obispo / Praud / Légitimus / Dupraz / Blanchard
48%
Fabien Roussel / Barthez / Galthié / Pelous / Claude
48%
Bernard Arnault / Cazeneuve / Tapie / Laporte / Blier
47%
Hervé Renard / Morin / Vilard / Le Bras / Bazin
47%
Patrick Balkany / Mahomes / Dewaere / Bruel / Poivre d'Arvor
46%
Auguste Renoir / Comte / Rodin / Frédéric Viesse de Marmont / Lumière
46%
Jean-Louis Aubert / Trintignant / Debré / Borloo / Barrault
43%
Raymond Domenech / Poincaré / Barre / Poulidor / Aron
43%
Anthony Hopkins / Kiedis / Martial / Davis / Perkins
42%
William Shakespeare / de Cambridge / Sheller / Shatner / Leymergie
42%
Romain Gary / Saïss / Grosjean / Duris / Ntamack
41%
Léon Trotski / Tolstoï / Blum / Gambetta / Degrelle
40%
Thomas d'Aquin / Edison / Pesquet / Sankara / Jefferson
39%
Robert Downey Jr. / De Niro / Ménard / Pattinson / Lewandowski
39%
Jack Lang / l'Éventreur / Nicholson / Kerouac / London
39%
Jean-Michel Blanquer / Basquiat / Jarre / Baylet / Larqué
38%
André Gide / Malraux / Citroën / The Giant / Ayew
38%
Christopher Lee / Nolan / McCandless / Walken / Lloyd
38%
Xavier Dolan / Niel / Bertrand / Darcos / Fagnon
37%
Baptiste Giabiconi / Lecaplain / Serin / Beaulieu / Morizot
37%
Laurent Ruquier / Fabius / Blanc / Alexandre / Wauquiez
37%
Arthur Rimbaud / Schopenhauer / Conan Doyle / de Gobineau / Ashe
36%
Dominique Strauss-Kahn / de Villepin / Farrugia / Paturel / Collignon-Morin
36%
Quentin Tarantino / Fillon Maillet / Dupieux / Mosimann / Elias
36%
Hugo Chávez / Lloris / Becker / Clément / Grotius
35%
Jean-Marc Jancovici / Morandini / Ayrault / Vallée / Governatori
34%
Richard Cœur de Lion / Gasquet / Wagner / Nixon / Berry
33%
Olivier Giroud / Véran / Duhamel / Marchal / Besancenot
33%
Maurice Papon / Ravel / Barrès / Duplessis / Chevalier
33%
Roger Federer / Carel / Milla / Vadim / Waters
32%
Kevin Spacey / Bacon / Costner / Durant / Hart
32%
Marcus Junius Brutus / Vipsanius Agrippa / Rashford / Thuram / Garvey
31%
David Lynch / Trezeguet / Bowie / Beckham / Fincher
30%
Bertrand Cantat / du Guesclin / Tavernier / Delanoë / Russell
29%
Frank Lampard / Sinatra / Zappa / Lebœuf / Capra
29%
Maxime Le Forestier / Weygand / Chattam / Vachier-Lagrave / Bernier
29%
Mickey Rourke / Rooney / Cohen / Spillane / Finn
29%
Lucas Pouille / Moura / Hernandez / Digne / Tousart
27%
Jean-François Copé / Champollion / Stévenin / Zygel / Sirinelli
24%
René Descartes / de Obaldia / Magritte / Guénon / Goscinny
22%
Oliver Cromwell / Stone / Hardy / Kahn / Wendell Holmes Jr.
19%
Henry de Sussex / de Lesquen / David Thoreau / Ford / Cavill
18%
Danny Trejo / Glover / Elfman / DeVito / Boyle
18%
Jérôme Kerviel / Le Banner / Bosch / Boateng / Cahuzac
15%
Gerard Butler / Piqué / Deulofeu / Moreno / Martino
8%
Jean-Baptiste Colbert / Lully / Camille Corot / de Lamarck / Djebbari
8%
Aucun quiz correspondant
Distribution des résultats
% des personnes avec chaque résultat
Percentile par nombre de réponses
Votre historique - résultats
Vous n’avez pas pris ce quiz